Przywróć alfabet miastom w Polsce - Statystyki

Ogólne statystyki
  • Ten quiz został rozwiązany 54 razy
  • Średni wynik to 19 z 23
Statystyki odpowiedzi
Hint Odpowiedź % Poprawnych
Stalowa Ola W
90%
Nowy Wór Mazowiecki D
88%
Gliwce I
88%
Ople O
88%
Utno K
86%
Czeadź L
86%
Ochaczew S
86%
Żor Y
86%
Ponań Z
86%
Białoard G
83%
Wejerowo H
83%
Puszków R
83%
Sarogard T
83%
Ząki B
81%
Tarów N
81%
Hełm C
79%
Bielwa A
76%
Hanówka J
76%
Milec E
74%
Gryino F
69%
Szczyna P
69%
Arki M
67%
Trek U
64%
Nie znaleziono quizów pasujących do podanych kryteriów
Rozkład punktacji
Procent ludzi z każdym wynikiem
Percentyl według liczby udzielonych odpowiedzi
Twoja historia wyników
Nie rozwiązałeś tego quizu